[Event "Hessenliga 1617"]
[Site "Hessen"]
[Date "2016.11.06"]
[Round "3.1"]
[White "Feist, Peter"]
[Black "Goreacinic, Dmitri"]
[Result "0-1"]
[WhiteElo "2249"]
[BlackElo "2276"]
[PlyCount "76"]
[EventDate "2016.09.18"]
[EventType "team-tourn"]
[EventRounds "9"]
[EventCountry "GER"]
[SourceTitle "EXT 2018"]
[Source "ChessBase"]
[SourceDate "2017.10.13"]
[SourceVersion "1"]
[SourceVersionDate "2017.10.13"]
[SourceQuality "1"]
[WhiteTeam "Dotzheim"]
[BlackTeam "Offenbach"]
[WhiteTeamCountry "GER"]
[BlackTeamCountry "GER"]

1. e4 c5 2. Nf3 Qa5 3. Be2 Nc6 4. 0-0 Nf6 5. d3 d5 6. Nbd2 Bg4 7. c3 e6 8. Re1 Be7 9. Qc2 0-0 10. h3 Bh5 11. Nh2 Bxe2 12. Rxe2 Qa6 13. e5 Nd7 14. Ndf3 b5 15. h4 d4 16. Bg5 Bxg5 17. hxg5 Rfd8 18. Ng4 dxc3 19. bxc3 b4 20. Rd1 Nf8 21. Re4 Ng6 22. Ne3 bxc3 23. Qxc3 Nb4 24. Qxc5 Nxd3 25. Qc2 Ndf4 26. Rc4 Rxd1+ 27. Nxd1 Rd8 28. Ne3 Nd3 29. Ng4 Qb7 30. Rc7 Qe4 31. Rc4 Qa8 32. Ra4 Ngf4 33. Qc7 Rf8 34. Qxa7 Qc6 35. Ra6 Qc1+ 36. Kh2 Qf1 37. Nh4 Ne2 38. Qe3 Qg1+ 0-1

[Event "Hessenliga 1617"]
[Site "Hessen"]
[Date "2016.09.18"]
[Round "1.1"]
[White "Dunsbach, Ralf"]
[Black "Feist, Peter"]
[Result "1-0"]
[WhiteElo "2180"]
[BlackElo "2249"]
[PlyCount "50"]
[EventDate "2016.09.18"]
[EventType "team-tourn"]
[EventRounds "9"]
[EventCountry "GER"]
[SourceTitle "EXT 2018"]
[Source "ChessBase"]
[SourceDate "2017.10.13"]
[SourceVersion "1"]
[SourceVersionDate "2017.10.13"]
[SourceQuality "1"]
[WhiteTeam "Bad Homburg"]
[BlackTeam "Dotzheim"]
[WhiteTeamCountry "GER"]
[BlackTeamCountry "GER"]

1. d4 d5 2. Nf3 c6 3. c4 e6 4. Qc2 f5 5. g3 Nf6 6. Bg2 Nbd7 7. cxd5 cxd5 8. Bf4 Ne4 9. 0-0 Nd6 10. Nbd2 Be7 11. Rac1 0-0 12. Nb3 Nc4 13. Nc5 Nxc5 14. dxc5 g5 15. b3 Na3 16. Qb2 gxf4 17. Qxa3 fxg3 18. hxg3 b6 19. b4 a5 20. Nd4 bxc5 21. bxc5 Bg5 22. f4 Bf6 23. Qe3 Qe8 24. Nxf5 Bb2 25. Rc2 Qg6 1-0

[Event "Hessenliga 1516"]
[Site "Germany"]
[Date "2015.12.06"]
[Round "4.1"]
[White "Mueller, Maximilian"]
[Black "Feist, Peter"]
[Result "1/2-1/2"]
[WhiteElo "2275"]
[BlackElo "2249"]
[PlyCount "89"]
[EventDate "2015.09.27"]
[EventType "team-tourn"]
[EventRounds "9"]
[EventCountry "GER"]
[SourceTitle "EXT 2018"]
[Source "ChessBase"]
[SourceDate "2017.10.13"]
[SourceVersion "1"]
[SourceVersionDate "2017.10.13"]
[SourceQuality "1"]
[WhiteTeam "Gernsheim"]
[BlackTeam "Dotzheim"]
[WhiteTeamCountry "GER"]
[BlackTeamCountry "GER"]

1. d4 Nf6 2. Nf3 d5 3. c4 e6 4. Nbd2 Be7 5. g3 Nbd7 6. Bg2 c6 7. Qc2 0-0 8. 0-0 b6 9. e4 dxe4 10. Nxe4 Bb7 11. Rd1 Qc8 12. Bf4 Nxe4 13. Qxe4 Nf6 14. Qe2 Re8 15. Ne5 c5 16. dxc5 Bxg2 17. Kxg2 Qxc5 18. a3 a5 19. Rac1 a4 20. Qf3 Rac8 21. Nd3 Qc6 22. Qxc6 Rxc6 23. Nb4 Rcc8 24. Bd6 Kf8 25. Kf3 Nd7 26. Ke2 Nc5 27. f3 Nb3 28. Rc3 Na5 29. Bxe7+ Rxe7 30. Rd6 Rec7 31. Rxb6 Nxc4 32. Na6 Ra7 33. Rb4 Rxa6 34. Rcxc4 Rxc4 35. Rxc4 Rb6 36. Rb4 Rxb4 37. axb4 Ke7 38. Kd3 Kd6 39. Kc4 e5 40. g4 h5 41. h3 hxg4 42. hxg4 f6 43. Kb5 g6 44. Ka6 Kc7 45. Ka7 1/2-1/2

[Event "Hessenliga 1516"]
[Site "Germany"]
[Date "2015.09.27"]
[Round "1.2"]
[White "Feist, Peter"]
[Black "Haucke, Alexander"]
[Result "1-0"]
[WhiteElo "2249"]
[BlackElo "2223"]
[PlyCount "69"]
[EventDate "2015.09.27"]
[EventType "team-tourn"]
[EventRounds "9"]
[EventCountry "GER"]
[SourceTitle "EXT 2018"]
[Source "ChessBase"]
[SourceDate "2017.10.13"]
[SourceVersion "1"]
[SourceVersionDate "2017.10.13"]
[SourceQuality "1"]
[WhiteTeam "Dotzheim"]
[BlackTeam "Bad Homburg"]
[WhiteTeamCountry "GER"]
[BlackTeamCountry "GER"]

1. e4 c5 2. Nc3 e6 3. f4 Nc6 4. Nf3 Nge7 5. Bb5 a6 6. Bxc6 Nxc6 7. 0-0 Be7 8. d3 0-0 9. Kh1 d5 10. Qe1 b5 11. a4 b4 12. Nd1 a5 13. e5 Ba6 14. Nf2 Rc8 15. Rg1 Nd4 16. Qd1 Rc6 17. Ng4 Qb6 18. Ng5 h6 19. Nh3 Rfc8 20. c3 Nf5 21. Ngf2 bxc3 22. bxc3 Bb7 23. g4 Nh4 24. g5 hxg5 25. Nxg5 Bxg5 26. Rxg5 Nf5 27. Qh5 Qb3 28. Bd2 Qc2 29. Rag1 Kf8 30. Rxg7 Nxg7 31. Qh6 Ke8 32. Rxg7 Qxd2 33. Qf6 Qe1+ 34. Kg2 R6c7 35. Rg8+ 1-0

[Event "Hessenliga 1415"]
[Site "Hessen"]
[Date "2015.04.19"]
[Round "9.4"]
[White "Ottmann, Martin"]
[Black "Feist, Peter"]
[Result "1/2-1/2"]
[WhiteElo "2142"]
[BlackElo "2249"]
[PlyCount "93"]
[EventDate "2014.09.28"]
[EventType "team-tourn"]
[EventRounds "9"]
[EventCountry "GER"]
[SourceTitle "EXT 2016"]
[Source "ChessBase"]
[SourceDate "2015.10.08"]
[SourceVersion "1"]
[SourceVersionDate "2015.10.08"]
[SourceQuality "1"]
[WhiteTeam "Frankfurt TV"]
[BlackTeam "Dotzheim"]
[WhiteTeamCountry "GER"]
[BlackTeamCountry "GER"]

1. d4 d5 2. c4 c6 3. Nc3 e6 4. e4 dxe4 5. f3 exf3 6. Nxf3 Nf6 7. Bg5 Be7 8. Qd2 a6 9. 0-0-0 b5 10. Bxf6 Bxf6 11. c5 Be7 12. Kb1 Nd7 13. g3 Qc7 14. Bg2 Bb7 15. Rhf1 Rd8 16. Ne4 0-0 17. Qc3 a5 18. Neg5 h6 19. Nh3 Ba6 20. Rfe1 b4 21. Qe3 Bc4 22. Nd2 Bd5 23. Bxd5 cxd5 24. Nf4 Nb8 25. Nf3 Nc6 26. h4 Rfe8 27. g4 Nxd4 28. Qxd4 Bxc5 29. Rc1 Bxd4 30. Rxc7 Bf2 31. Rf1 Bg3 32. Ne5 f6 33. Neg6 h5 34. Rg1 Bxf4 35. Nxf4 Rc8 36. Rxc8 Rxc8 37. Nxe6 Kf7 38. Nf4 hxg4 39. Rxg4 Rc4 40. b3 Re4 41. h5 Re1+ 42. Kc2 Ra1 43. Kb2 Rf1 44. Nxd5 Rf2+ 45. Kb1 Rf1+ 46. Kc2 Rf2+ 47. Kc1 1/2-1/2

[Event "Hessenliga 1415"]
[Site "Hessen"]
[Date "2015.01.25"]
[Round "5.4"]
[White "Reh, Stefan"]
[Black "Feist, Peter"]
[Result "1-0"]
[WhiteElo "2024"]
[BlackElo "2249"]
[PlyCount "76"]
[EventDate "2014.09.28"]
[EventType "team-tourn"]
[EventRounds "9"]
[EventCountry "GER"]
[SourceTitle "EXT 2016"]
[Source "ChessBase"]
[SourceDate "2015.10.08"]
[SourceVersion "1"]
[SourceVersionDate "2015.10.08"]
[SourceQuality "1"]
[WhiteTeam "Gelnhausen"]
[BlackTeam "Dotzheim"]
[WhiteTeamCountry "GER"]
[BlackTeamCountry "GER"]

1. e4 c5 2. c3 d5 3. exd5 Qxd5 4. d4 Nc6 5. Be3 cxd4 6. cxd4 e6 7. a3 Nf6 8. Nf3 Be7 9. Nc3 Qd6 10. Bd3 0-0 11. 0-0 Rd8 12. Qe2 a6 13. Rad1 b5 14. Bb1 Bb7 15. Rfe1 Na5 16. Ne5 Rac8 17. Ba2 Nd5 18. Ne4 Qb6 19. Qh5 Rf8 20. Nd7 Qd8 21. Nxf8 Qxf8 22. b4 Nc4 23. Bxc4 Rxc4 24. Nc5 Nf6 25. Qe2 Bd5 26. Rc1 Qa8 27. f3 h6 28. Bf2 Qc6 29. Qd3 Nh5 30. Rxc4 Bxc4 31. Qe4 Bd5 32. Qe5 g5 33. Qb8+ Kg7 34. Qa7 Bxf3 35. Qxe7 Bxg2 36. Qd7 Qf3 37. Nxe6+ Kf6 38. Qd8+ Kf5 1-0

[Event "Hessenliga 1415"]
[Site "Hessen"]
[Date "2014.09.28"]
[Round "1.4"]
[White "Feist, Peter"]
[Black "Schmidt, Walter"]
[Result "0-1"]
[WhiteElo "2249"]
[BlackElo "2217"]
[PlyCount "92"]
[EventDate "2014.09.28"]
[EventType "team-tourn"]
[EventRounds "9"]
[EventCountry "GER"]
[SourceTitle "EXT 2016"]
[Source "ChessBase"]
[SourceDate "2015.10.08"]
[SourceVersion "1"]
[SourceVersionDate "2015.10.08"]
[SourceQuality "1"]
[WhiteTeam "Dotzheim"]
[BlackTeam "Bad Homburg"]
[WhiteTeamCountry "GER"]
[BlackTeamCountry "GER"]

1. e4 c5 2. Nf3 Nc6 3. d4 cxd4 4. Nxd4 Nf6 5. Nc3 e6 6. Ndb5 d6 7. Bf4 e5 8. Bg5 a6 9. Na3 b5 10. Bxf6 gxf6 11. Nd5 Bg7 12. c3 f5 13. Nxb5 axb5 14. Bxb5 Bd7 15. exf5 Rb8 16. Qd3 0-0 17. 0-0 Bxf5 18. Qxf5 Rxb5 19. Ne3 Rxb2 20. Rfd1 Ne7 21. Qf3 Qc7 22. h4 d5 23. Nxd5 Nxd5 24. Rxd5 Rc2 25. Rd3 Rc8 26. Qf5 Rxc3 27. Rd7 Rc1+ 28. Kh2 Qc4 29. Rxc1 Qxh4+ 30. Qh3 Qxh3+ 31. Kxh3 Rxc1 32. f3 Rc4 33. Rd2 Bf6 34. Re2 Kg7 35. Kg3 Kg6 36. Kf2 Kf5 37. Ke3 Rd4 38. Rc2 Bg5+ 39. Ke2 Kf4 40. Rc7 Kg3 41. Rxf7 Rd2+ 42. Ke1 Rxa2 43. Rxh7 Rxg2 44. Kf1 Kxf3 45. Rh3+ Rg3 46. Rh2 Be3 0-1

[Event "Hessenliga 1314"]
[Site "Germany"]
[Date "2013.12.08"]
[Round "4.4"]
[White "Feist, Peter"]
[Black "Dunsbach, Ralf"]
[Result "1/2-1/2"]
[WhiteElo "2249"]
[BlackElo "2192"]
[PlyCount "64"]
[EventDate "2013.09.29"]
[EventType "team-tourn"]
[EventRounds "9"]
[EventCountry "GER"]
[SourceTitle "EXT 2015"]
[Source "ChessBase"]
[SourceDate "2014.11.20"]
[SourceVersion "1"]
[SourceVersionDate "2014.11.20"]
[SourceQuality "1"]
[WhiteTeam "Dotzheim"]
[BlackTeam "Bad Homburg"]
[WhiteTeamCountry "GER"]
[BlackTeamCountry "GER"]

1. e4 e5 2. Nf3 Nc6 3. Bb5 Nd4 4. Bc4 Bc5 5. d3 Nxf3+ 6. Qxf3 Qf6 7. Nd2 d6 8. a4 a5 9. h3 Be6 10. Bxe6 Qxe6 11. Nc4 Ne7 12. Bd2 Nc6 13. c3 0-0 14. g4 Rfd8 15. Qf5 Qxf5 16. gxf5 d5 17. Ne3 Bxe3 18. Bxe3 d4 19. cxd4 Nxd4 20. Rc1 c6 21. Rc4 b5 22. axb5 cxb5 23. Rc5 Rac8 24. Bxd4 exd4 25. Rxc8 Rxc8 26. Kd2 b4 27. Ra1 Rc5 28. b3 f6 29. Rc1 Rc3 30. Ra1 Rc5 31. Rc1 Rc3 32. Ra1 Rc5 1/2-1/2

[Event "Hessenliga 1314"]
[Site "Germany"]
[Date "2013.11.03"]
[Round "3.4"]
[White "Kearns, Christopher"]
[Black "Feist, Peter"]
[Result "1-0"]
[WhiteElo "2158"]
[BlackElo "2249"]
[PlyCount "83"]
[EventDate "2013.09.29"]
[EventType "team-tourn"]
[EventRounds "9"]
[EventCountry "GER"]
[SourceTitle "EXT 2015"]
[Source "ChessBase"]
[SourceDate "2014.11.20"]
[SourceVersion "1"]
[SourceVersionDate "2014.11.20"]
[SourceQuality "1"]
[WhiteTeam "Korbach"]
[BlackTeam "Dotzheim"]
[WhiteTeamCountry "GER"]
[BlackTeamCountry "GER"]

1. e4 d5 2. exd5 Nf6 3. d4 Bg4 4. f3 Bf5 5. Bb5+ c6 6. dxc6 Qa5+ 7. Nc3 Nxc6 8. Qe2 0-0-0 9. Bxc6 bxc6 10. Qc4 Kb7 11. Bd2 e6 12. 0-0-0 Qb4 13. Qxb4+ Bxb4 14. Nge2 h6 15. a3 Be7 16. Rhe1 Rhe8 17. Na4 Nd5 18. Ng3 Bh7 19. Ne4 Nb6 20. Nac5+ Kc8 21. Bf4 Nd5 22. Bd2 Nb6 23. Ba5 f5 24. Nc3 Bg8 25. N3a4 Nxa4 26. Nxa4 Rd5 27. Bc3 Red8 28. Rd3 Bf6 29. Red1 g5 30. b4 Be7 31. Bb2 R5d7 32. Rc3 Kc7 33. b5 Rd6 34. Nc5 Kb6 35. bxc6 Rxc6 36. Rb3+ Kc7 37. Rb7+ Kd6 38. Bc3 Bf6 39. Ba5 Rb6 40. Bxb6 axb6 41. Rxb6+ Kd5 42. Nb3 1-0

[Event "Hessenliga 1112"]
[Site "Germany"]
[Date "2011.10.09"]
[Round "2.3"]
[White "Berndt, Matthias"]
[Black "Feist, Peter"]
[Result "1/2-1/2"]
[WhiteElo "2150"]
[BlackElo "2249"]
[PlyCount "98"]
[EventDate "2011.09.25"]
[EventType "team-tourn"]
[EventRounds "9"]
[EventCountry "GER"]
[SourceTitle "EXT 2013"]
[Source "ChessBase"]
[SourceDate "2012.11.22"]
[SourceVersion "1"]
[SourceVersionDate "2012.11.22"]
[SourceQuality "1"]
[WhiteTeam "Fulda"]
[BlackTeam "Dotzheim"]
[WhiteTeamCountry "GER"]
[BlackTeamCountry "GER"]

1. e4 d5 2. exd5 Nf6 3. Bb5+ Bd7 4. Be2 Nxd5 5. d4 Bf5 6. a3 c6 7. Nf3 e6 8. c4 Nf6 9. Nc3 h6 10. 0-0 Be7 11. Qb3 Qb6 12. Qxb6 axb6 13. Ne5 Nbd7 14. g4 Bh7 15. Be3 Nxe5 16. dxe5 Nd7 17. Rad1 Nxe5 18. Bxb6 Nd7 19. Bc7 Nc5 20. Be5 f6 21. Bf4 Nb3 22. Bd3 g5 23. Bc7 Rc8 24. Bb6 c5 25. Nb5 Rc6 26. Bxh7 Rxh7 27. Rd3 Rxb6 28. Rxb3 Bd6 29. Rd3 Be5 30. Rfd1 Re7 31. b4 Kf7 32. Rd8 cxb4 33. axb4 Ra6 34. Nd6+ Bxd6 35. R1xd6 Ra1+ 36. Kg2 b5 37. cxb5 Rb1 38. b6 Rxb4 39. h3 Rb3 40. Rc8 Rb7 41. Rc7+ Rxc7 42. bxc7 Rc3 43. Rd7+ Kg6 44. Kf1 h5 45. Ke2 hxg4 46. hxg4 Rc4 47. Kd3 Rc5 48. Kd4 Rc1 49. Re7 Rc2 1/2-1/2

[Event "Oberliga Ost-B 0708"]
[Site "Germany"]
[Date "2008.04.19"]
[Round "10.3"]
[White "Feist, Peter"]
[Black "Bastian, Martin"]
[Result "1-0"]
[WhiteElo "2252"]
[BlackElo "2215"]
[PlyCount "53"]
[EventDate "2007.10.07"]
[EventType "team-tourn"]
[EventRounds "11"]
[EventCountry "GER"]
[SourceTitle "EXT 2009"]
[Source "ChessBase"]
[SourceDate "2008.11.26"]
[SourceVersion "1"]
[SourceVersionDate "2008.11.26"]
[SourceQuality "1"]
[WhiteTeam "Dotzheim"]
[BlackTeam "Offenbach"]
[WhiteTeamCountry "GER"]
[BlackTeamCountry "GER"]

1. e4 c6 2. d4 d5 3. Nc3 g6 4. exd5 cxd5 5. Bf4 a6 6. Qd2 Nc6 7. Nf3 Bg7 8. Ne5 Nf6 9. 0-0-0 Bf5 10. Nxc6 bxc6 11. f3 Qa5 12. g4 Be6 13. Be5 0-0 14. h4 Rfc8 15. h5 c5 16. hxg6 hxg6 17. Be2 cxd4 18. Qxd4 Rab8 19. a3 Rb7 20. g5 Ne8 21. Bxg7 Nxg7 22. Rh6 f6 23. gxf6 Nf5 24. f7+ Kxf7 25. Rh7+ Ke8 26. Qe5 Rxc3 27. Qxe6 1-0

[Event "Oberliga Ost-B 0708"]
[Site "Germany"]
[Date "2008.01.20"]
[Round "7.3"]
[White "Feist, Peter"]
[Black "Schoebel, Wolfgang"]
[Result "0-1"]
[WhiteElo "2252"]
[BlackElo "2237"]
[PlyCount "94"]
[EventDate "2007.10.07"]
[EventType "team-tourn"]
[EventRounds "11"]
[EventCountry "GER"]
[SourceTitle "EXT 2009"]
[Source "ChessBase"]
[SourceDate "2008.11.26"]
[SourceVersion "1"]
[SourceVersionDate "2008.11.26"]
[SourceQuality "1"]
[WhiteTeam "Dotzheim"]
[BlackTeam "Schoeneck II"]
[WhiteTeamCountry "GER"]
[BlackTeamCountry "GER"]

1. e4 e6 2. d4 d5 3. exd5 exd5 4. c4 Nf6 5. Nc3 Be7 6. Bd3 Nc6 7. cxd5 Nxd5 8. Nge2 0-0 9. 0-0 Bg4 10. f3 Be6 11. Kh1 Re8 12. Ne4 Ndb4 13. Bb1 Bc4 14. Be3 Bxe2 15. Qxe2 Nxd4 16. Qc4 Ne6 17. a3 Nd5 18. Bg1 c6 19. Ba2 Qc7 20. Rad1 Rad8 21. Rd2 Nb6 22. Qc2 Rxd2 23. Qxd2 Rd8 24. Qa5 Nc8 25. Qh5 g6 26. Qh3 Ng5 27. Qh6 Qe5 28. f4 Qxe4 29. fxg5 Nd6 30. Bc5 Bf8 31. Qh3 Nf5 32. Bxf8 Rxf8 33. Bb1 Qe2 34. Bd3 Qxb2 35. Bxf5 gxf5 36. Qxf5 Qxa3 37. h4 Qa4 38. Rf4 Qd1+ 39. Kh2 Qd5 40. Qf6 Qe6 41. Qd4 Qd5 42. Qxa7 b5 43. Qe7 Qe6 44. Qc5 Rd8 45. Rf6 Qe4 46. Qf2 Rd4 47. Kh3 Qg4+ 0-1

[Event "Oberliga Ost-B 0607"]
[Site "Germany"]
[Date "2007.04.21"]
[Round "10.2"]
[White "Feist, Peter"]
[Black "Euler, Gerd"]
[Result "0-1"]
[WhiteElo "2275"]
[BlackElo "2371"]
[PlyCount "134"]
[EventDate "2006.10.15"]
[EventType "team-tourn"]
[EventRounds "11"]
[EventCountry "GER"]
[SourceTitle "EXT 2008"]
[Source "ChessBase"]
[SourceDate "2007.11.25"]
[SourceVersion "1"]
[SourceVersionDate "2007.11.25"]
[SourceQuality "1"]
[WhiteTeam "Dotzheim"]
[BlackTeam "Hungen Lich"]
[WhiteTeamCountry "GER"]
[BlackTeamCountry "GER"]

1. c4 Nf6 2. Nf3 g6 3. Nc3 d5 4. e3 Bg7 5. d4 0-0 6. Be2 b6 7. 0-0 Bb7 8. Ne5 e6 9. f4 a5 10. b3 Na6 11. Bb2 Qe7 12. Bf3 Ne4 13. Rc1 Rfd8 14. cxd5 exd5 15. Nxe4 dxe4 16. Be2 Nb4 17. Bc4 Nd5 18. Qe2 f6 19. Ng4 h5 20. Nf2 f5 21. Rc2 Kh7 22. Rfc1 Nb4 23. Ba3 c5 24. Bxb4 axb4 25. dxc5 bxc5 26. Bb5 Bc3 27. Nh3 Kh6 28. Ng5 Rd6 29. Rd1 Rad8 30. Rxd6 Rxd6 31. h4 Kg7 32. Kh2 Qf6 33. Qc4 Rd5 34. a4 Be1 35. Kh3 Qe7 36. Qe2 Bc3 37. a5 Qd6 38. a6 Ba8 39. a7 Rd1 40. Qc4 Rh1+ 41. Kg3 Be1+ 42. Rf2 Bxf2+ 43. Kxf2 Qd2+ 44. Qe2 Qxe2+ 45. Bxe2 Ra1 46. Ne6+ Kf6 47. Nxc5 Rxa7 48. Na6 Bd5 49. Nxb4 Bxb3 50. Nc6 Ra2 51. Kf1 Bc2 52. Nb4 Ra1+ 53. Kf2 Bb1 54. Bb5 Ra5 55. Be8 Ra8 56. Bc6 Rb8 57. Nd5+ Ke6 58. Nc3 Rb2+ 59. Kg1 Rc2 60. Nxb1 Rxc6 61. Nd2 Rc2 62. Nb3 Kd5 63. Nd4 Rd2 64. Nb5 Kc4 65. Nc7 Kd3 66. Nd5 Ke2 67. Ne7 Rd6 0-1

[Event "Oberliga Ost-B 0607"]
[Site "Germany"]
[Date "2007.02.24"]
[Round "6.2"]
[White "Jakel, Wolfgang"]
[Black "Feist, Peter"]
[Result "0-1"]
[WhiteElo "2280"]
[BlackElo "2275"]
[PlyCount "68"]
[EventDate "2006.10.15"]
[EventType "team-tourn"]
[EventRounds "11"]
[EventCountry "GER"]
[SourceTitle "EXT 2008"]
[Source "ChessBase"]
[SourceDate "2007.11.25"]
[SourceVersion "1"]
[SourceVersionDate "2007.11.25"]
[SourceQuality "1"]
[WhiteTeam "Offenbach"]
[BlackTeam "Dotzheim"]
[WhiteTeamCountry "GER"]
[BlackTeamCountry "GER"]

1. e4 d5 2. exd5 Nf6 3. d4 Bg4 4. f3 Bf5 5. c4 e6 6. dxe6 Nc6 7. Be3 Nb4 8. Na3 Qe7 9. Qa4+ c6 10. Kf2 fxe6 11. Qb3 Qf7 12. h3 Be7 13. Ne2 0-0 14. Ng3 Bg6 15. Be2 a5 16. Rhe1 Bd6 17. Nf1 Rad8 18. Kg1 Bb8 19. Rad1 Nh5 20. c5 Kh8 21. Bc4 Nd5 22. Bf2 Nhf4 23. Bg3 a4 24. Qxa4 Nxg2 25. Bxd5 Nxe1 26. Bxb8 Rxd5 27. Rxe1 Rxb8 28. Re3 Bh5 29. Nc4 Rxd4 30. Qa7 Rbd8 31. Ne5 Qf4 32. Qa3 Rd1 33. Kf2 Qh4+ 34. Kg2 R8d2+ 0-1

[Event "Oberliga Ost-B 0607"]
[Site "Germany"]
[Date "2006.10.15"]
[Round "1.2"]
[White "Feist, Peter"]
[Black "Geske, Julian"]
[Result "0-1"]
[WhiteElo "2275"]
[BlackElo "2173"]
[PlyCount "86"]
[EventDate "2006.10.15"]
[EventType "team-tourn"]
[EventRounds "11"]
[EventCountry "GER"]
[SourceTitle "EXT 2008"]
[Source "ChessBase"]
[SourceDate "2007.11.25"]
[SourceVersion "1"]
[SourceVersionDate "2007.11.25"]
[SourceQuality "1"]
[WhiteTeam "Dotzheim"]
[BlackTeam "Hofheim II"]
[WhiteTeamCountry "GER"]
[BlackTeamCountry "GER"]

1. e4 d5 2. exd5 Qxd5 3. Nc3 Qa5 4. d4 Nf6 5. Bc4 Bg4 6. Nge2 e6 7. h3 Bh5 8. 0-0 Nc6 9. Be3 Bb4 10. Nb1 Nd5 11. c3 Be7 12. Bd2 0-0 13. a4 Qb6 14. b4 a5 15. b5 Nb8 16. Na3 c5 17. bxc6 bxc6 18. Qb1 Qc7 19. Re1 Bg6 20. Qa2 Bd6 21. Bb3 Nd7 22. Nc4 Be7 23. g3 h6 24. Rac1 N7b6 25. Nf4 Bh7 26. Ne5 Bd6 27. c4 Nb4 28. Qa1 Bxe5 29. dxe5 c5 30. h4 Rfd8 31. Red1 Rd7 32. Bc3 Rad8 33. Rd6 Nc8 34. Rcd1 Nxd6 35. exd6 Rxd6 36. Rxd6 Qxd6 37. Bxg7 Nc2 38. Qf6 e5 39. Qxd6 Rxd6 40. Bxe5 Rb6 41. Ba2 Nb4 42. Nd5 Re6 43. Nxb4 axb4 0-1

[Event "Oberliga Ost-B 0506"]
[Site "Germany"]
[Date "2006.03.12"]
[Round "9.1"]
[White "Feist, Peter"]
[Black "Giesen, Dieter"]
[Result "1/2-1/2"]
[WhiteElo "2258"]
[BlackElo "2251"]
[PlyCount "81"]
[EventDate "2005.11.13"]
[EventType "team-tourn"]
[EventRounds "11"]
[EventCountry "GER"]
[SourceTitle "EXT 2007"]
[Source "ChessBase"]
[SourceDate "2006.11.23"]
[SourceVersion "1"]
[SourceVersionDate "2006.11.23"]
[SourceQuality "1"]
[WhiteTeam "Wiesbaden Dotzheim"]
[BlackTeam "Wiesbaden"]
[WhiteTeamCountry "GER"]
[BlackTeamCountry "GER"]

1. e4 e5 2. Nf3 Nf6 3. Nxe5 d6 4. Nf3 Nxe4 5. d3 Nf6 6. d4 d5 7. Bd3 Bd6 8. 0-0 0-0 9. Nc3 c6 10. Ne5 Re8 11. f4 Nbd7 12. Kh1 c5 13. Nb5 Bf8 14. c3 a6 15. Na3 cxd4 16. cxd4 Bxa3 17. bxa3 Ne4 18. a4 Ndf6 19. Qb3 h5 20. Rb1 Qa5 21. Rb2 Qc3 22. Rc2 Qxb3 23. axb3 Ng4 24. Kg1 f6 25. Nxg4 hxg4 26. f5 g6 27. fxg6 Kg7 28. Bf4 Re7 29. Rfc1 Bf5 30. Rc7 Rae8 31. Rxe7+ Rxe7 32. Rc7 Rxc7 33. Bxc7 Kxg6 34. Bxe4 Bxe4 35. b4 Bc2 36. a5 Kf5 37. Kf2 Ke4 38. Bb6 f5 39. h3 gxh3 40. gxh3 Bd1 41. Bc5 1/2-1/2

[Event "Oberliga Ost-B 0506"]
[Site "Germany"]
[Date "2005.11.26"]
[Round "2"]
[White "Grabarczyk, Bogdan"]
[Black "Feist, Peter"]
[Result "0-1"]
[WhiteElo "2472"]
[BlackElo "2258"]
[PlyCount "112"]
[EventDate "2005.11.13"]
[EventType "team-tourn"]
[EventRounds "11"]
[EventCountry "GER"]
[SourceTitle "CBM 109 Extra"]
[Source "ChessBase"]
[SourceDate "2006.01.03"]
[SourceVersion "2"]
[SourceVersionDate "2006.01.03"]
[SourceQuality "1"]

1. e4 d5 2. exd5 Nf6 3. Nf3 Nxd5 4. d4 Bg4 5. h3 Bh5 6. Be2 e6 7. 0-0 Be7 8. c4 Nb6 9. Nc3 0-0 10. Be3 Nc6 11. g4 Bg6 12. Qd2 Re8 13. Rad1 Bf6 14. Rfe1 h6 15. Bf1 Qd7 16. b3 Rad8 17. Bg2 Nb4 18. Ne4 Bxe4 19. Qxb4 Qc6 20. d5 exd5 21. Bxb6 axb6 22. cxd5 Bxd5 23. Rc1 Rxe1+ 24. Qxe1 Qd6 25. Nh2 c6 26. Bxd5 Qxd5 27. Qe2 Qd3 28. Qf1 Qd2 29. Nf3 Qxa2 30. Qc4 b5 31. Qb4 Qe2 32. Kg2 Rd3 33. Qf4 Bg5 34. Nxg5 hxg5 35. Qxg5 Qf3+ 36. Kg1 Qxh3 37. Re1 Rd5 38. Qf4 f5 39. gxf5 Qxf5 40. Re8+ Kf7 41. Qxf5+ Rxf5 42. Rb8 Rf3 43. Rxb7+ Ke6 44. b4 Rf4 45. Rxg7 Rxb4 46. Kg2 c5 47. Kf3 Rb1 48. Kf4 Re1 49. Rg8 Kd5 50. Rb8 b4 51. Kg5 Rg1+ 52. Kf5 Kc4 53. f4 b3 54. Ke5 Kc3 55. Kd5 c4 56. Rc8 Rd1+ 0-1

[Event "Oberliga Ost-B 0405"]
[Site "Germany"]
[Date "2005.04.10"]
[Round "11.2"]
[White "Zschiedrich, Heiko"]
[Black "Feist, Peter"]
[Result "0-1"]
[WhiteElo "2213"]
[BlackElo "2240"]
[PlyCount "58"]
[EventDate "2004.10.10"]
[EventType "team-tourn"]
[EventRounds "11"]
[EventCountry "GER"]
[SourceTitle "EXT 2006"]
[Source "ChessBase"]
[SourceDate "2005.11.24"]
[SourceVersion "1"]
[SourceVersionDate "2005.11.24"]
[SourceQuality "1"]
[WhiteTeam "Erfurt Empor"]
[BlackTeam "Wiesbaden Dotzheim"]
[WhiteTeamCountry "GER"]
[BlackTeamCountry "GER"]

1. e4 d5 2. exd5 Nf6 3. d4 Bg4 4. Bb5+ Nbd7 5. Be2 Bxe2 6. Qxe2 Nxd5 7. Nf3 e6 8. 0-0 Be7 9. c4 N5b6 10. Nc3 0-0 11. Be3 Re8 12. Rad1 c6 13. Ne5 Bf8 14. Ne4 f6 15. Nf3 Qc7 16. g3 e5 17. dxe5 Nxe5 18. Bf4 Nbd7 19. Nd4 Qa5 20. b3 Ng6 21. Qf3 Nde5 22. Bxe5 Rxe5 23. Qc3 Bb4 24. Qc2 Rae8 25. Nd2 Qb6 26. N2f3 Re4 27. Qd3 Bc5 28. Rfe1 Rxe1+ 29. Rxe1 Rxe1+ 0-1

[Event "Oberliga Ost-B 0405"]
[Site "Germany"]
[Date "2005.01.30"]
[Round "8.2"]
[White "Konopka, Michal"]
[Black "Feist, Peter"]
[Result "1-0"]
[WhiteElo "2458"]
[BlackElo "2240"]
[PlyCount "79"]
[EventDate "2004.10.10"]
[EventType "team-tourn"]
[EventRounds "11"]
[EventCountry "GER"]
[SourceTitle "EXT 2006"]
[Source "ChessBase"]
[SourceDate "2005.11.24"]
[SourceVersion "1"]
[SourceVersionDate "2005.11.24"]
[SourceQuality "1"]
[WhiteTeam "Schoeneck"]
[BlackTeam "Wiesbaden Dotzheim"]
[WhiteTeamCountry "GER"]
[BlackTeamCountry "GER"]

1. c4 Nf6 2. Nf3 e6 3. g3 d5 4. d4 dxc4 5. Bg2 c5 6. 0-0 Nc6 7. Ne5 Nxe5 8. dxe5 Qxd1 9. Rxd1 Nd7 10. f4 Be7 11. Na3 Nb6 12. Be3 Rb8 13. Nb5 0-0 14. Nd6 Na4 15. b3 Nc3 16. Rd2 b6 17. bxc4 Bxd6 18. exd6 Bb7 19. Bf3 Rfd8 20. Rd3 Ne4 21. Rad1 Rd7 22. Bc1 Rbd8 23. Bb2 f6 24. g4 Kf7 25. Bg2 h6 26. Bf3 g5 27. fxg5 hxg5 28. Rf1 f5 29. gxf5 exf5 30. Bg4 Nxd6 31. Bxf5 Nxf5 32. Rxf5+ Kg6 33. Rf6+ Kh5 34. Rh3+ Kg4 35. Rg3+ Kh5 36. Rh3+ Kg4 37. Rg3+ Kh5 38. Kf2 Rg8 39. Rh3+ Kg4 40. Rhh6 1-0